Central Library OPAC University of Rajshahi

Moscow, 1905 : (Record no. 64070)

MARC details
000 -LEADER
fixed length control field 00803nam a2200241 a 4500
001 - CONTROL NUMBER
control field 64070
003 - CONTROL NUMBER IDENTIFIER
rucl marc code BD-RjUL
005 - DATE AND TIME OF LATEST TRANSACTION
control field 20211209081252.0
008 - FIXED-LENGTH DATA ELEMENTS--GENERAL INFORMATION
fixed length control field 170208s1982 caua b 001 0 eng d
020 ## - INTERNATIONAL STANDARD BOOK NUMBER
International Standard Book Number 0804711186
035 ## - SYSTEM CONTROL NUMBER
System control number (BD-RjUL) 64200
040 ## - CATALOGING SOURCE
Original cataloging agency BD-RjUL
Transcribing agency BD-RjUL
Language of cataloging eng
041 ## - LANGUAGE CODE
Language code of text/sound track or separate title eng
082 00 - DEWEY DECIMAL CLASSIFICATION NUMBER
Classification number 947
Edition number 23
Author mark and year ENM 1982
100 1# - MAIN ENTRY--PERSONAL NAME
Personal name Engelstein, Laura.
9 (RLIN) 190298
245 10 - TITLE STATEMENT
Title Moscow, 1905 :
Remainder of title working-class organization and political conflict /
Statement of responsibility, etc. Laura Engelstein.
260 ## - PUBLICATION, DISTRIBUTION, ETC. (IMPRINT)
Place of publication, distribution, etc. Stanford, Calif. :
Name of publisher, distributor, etc. Stanford University Press,
Date of publication, distribution, etc. 1982.
300 ## - PHYSICAL DESCRIPTION
Pagination viii, 308 p. :
Illustrations ill. ;
Size 24 cm.
500 ## - GENERAL NOTE
General note Includes index.
650 #0 - SUBJECT ADDED ENTRY--TOPICAL TERM
Topical term or geographic name as entry element Working class
General subdivision Political activity
Geographic subdivision Russia (Federation)
-- Moscow
General subdivision History.
9 (RLIN) 190299
651 #0 - SUBJECT ADDED ENTRY--GEOGRAPHIC NAME
Geographic name Moscow (Russia)
General subdivision History
Chronological subdivision 1905-1907.
9 (RLIN) 190300
942 ## - ADDED ENTRY ELEMENTS (KOHA)
Source of classification or shelving scheme Dewey Decimal Classification
Koha item type Books
Holdings
Lost status Source of classification or shelving scheme Damaged status Not for loan Collection code Permanent Location Current Location Shelving location Date acquired Source of acquisition Total Checkouts Full call number Date last seen Copy number Koha item type
  Dewey Decimal Classification   Not For Loan Non-fiction Central Library, University of Rajshahi Central Library, University of Rajshahi Reading Room 27/08/1990 Asia Foundation   947 ENM 1982 08/02/2017 C-1 Books